Statistics for Eliminate Countries #1 - The Americas

Click here to take the quiz!

General Stats

  • This quiz has been taken 26,072 times
  • The average score is 21 of 28

Answer Stats

Pct?Eliminate...Country/Countries% Correct
96Country where Mount Denali is locatedUnited States
100%
93Country where Machu Picchu is locatedPeru
98%
90Country that hosted the 2016 OlympicsBrazil
97%
89The two southernmost countries in Central AmericaCosta Rica | Panama
95%
87The only country that shares a border with HaitiDominican Republic
94%
85South American country that borders PanamaColombia
89%
868th largest island country in the worldCuba
89%
82The country with Oaxaca as a subdivisionMexico
86%
82Country that owns the Galapagos IslandsEcuador
85%
81Country where the city Halifax is locatedCanada
83%
80Countries that share Tierra del FuegoChile | Argentina
82%
78Countries that border El SalvadorGuatemala | Honduras
82%
77Country where Managua Lake is locatedNicaragua
78%
71Landlocked country which borders Argentina, Bolivia, and BrazilParaguay
78%
70Central American country that ONLY borders the Pacific OceanEl Salvador
76%
70Country with a flag that has a purple parrot on itDominica
69%
70Country where Maracaibo is locatedVenezuela
65%
68Country that ONLY borders Brazil and ArgentinaUruguay
63%
68Island nation without red, white, or blue on their flagJamaica
62%
67The only Dutch speaking countrySuriname
61%
67Country with the capital BridgetownBarbados
60%
66Country with the capital NassauBahamas
59%
65Country that is landlocked after a border dispute with ChileBolivia
59%
65Smallest country in the AmericasSt. Kitts and Nevis
57%
64Countries with a capital that contains “Port”Haiti | Trinidad and Tobago
56%
63The remaining countries located in the Lesser Antilles
Antigua and Barbuda | Grenada |
St. Lucia | St. Vincent and the
Grenadines
55%
62Country with the capital BelmopanBelize
53%
What is the final country?Guyana
47%

Score Distribution

Percentile by Number Answered

Percent of People with Each Score

Your Score History

You have not taken this quiz